000 00289nam a2200121 a 4500
008 110107s1977|||| d
100 1 _aLenin, V.I.
245 1 0 _aK výročiam oktobrovej revolúcie
260 _bPravda
_aBratislava
_c1977
020 _c8
041 _aslo
044 _axo
_cSK
999 _c15576
_d15576